Daniel's diary / (Record no. 157637)

MARC details
000 -LEADER
fixed length control field 00524nam a22001817a 4500
005 - DATE AND TIME OF LATEST TRANSACTION
control field 20180922150034.0
010 ## - LCCN (DPL NO)
LC control number ENG-124029
020 ## - INTERNATIONAL STANDARD BOOK NUMBER
International Standard Book Number 9789382711216
Terms of availability 295.00
035 ## - SYSTEM CONTROL NUMBER
System control number EN-106661
037 ## - SOURCE OF ACQUISITION
Source of stock number/acquisition DBAD/PUB.
082 ## - DEWEY DECIMAL CLASSIFICATION NUMBER
Classification number N
100 ## - MAIN ENTRY--PERSONAL NAME
Personal name Chauhan, Rajeshwari
245 ## - TITLE STATEMENT
Title Daniel's diary /
Statement of responsibility, etc by Rajeshwari Chauhan
260 ## - PUBLICATION, DISTRIBUTION, ETC. (IMPRINT)
Place of publication, distribution, etc New Delhi
Name of publisher, distributor, etc Vitasta Publishing
Date of publication, distribution, etc 2014
270 ## - ADDRESS
Address 2/15,Ansari Road,Daryaganj
City New Delhi
Postal code 110002
Electronic mail address info@vitastapublishing.com
300 ## - PHYSICAL DESCRIPTION
Extent 359p.
Other physical details 21cm(pbk)
942 ## - ADDED ENTRY ELEMENTS (KOHA)
Source of classification or shelving scheme Dewey Decimal Classification
Item type English Books
Classification part N
Call number suffix CHA
Holdings
Withdrawn status Lost status Not for loan Collection code Home library Current library Date acquired Source of acquisition Cost, normal purchase price Full call number Barcode Copy number Cost, replacement price Koha item type
    Not For Loan Fiction D.B.Act.Division Sarojini Nagar 22/09/2018 DBAD/PUB 295.00 N CHA EN-107561 1 295.00 English Books

© Delhi Public Library
Hit Counter
free hit counter